000
00298nam a22001457a 4500
008
210304b ||||| |||| 00| 0 eng d
020
_a
51
041
_a
eng
080
_2
7th
_a
51
082
_a
51
100
_a
37
101
_a
MAT
245
_a
College Algebra
_c
Sullivan, M
942
_2
udc
_c
BK
999
_c
55714
_d
55714